000 00634nam a2200241Ia 4500
003 OSt
005 20221007064011.0
006 a|||||r|||| 00| 0
007 ta
008 221006b |||||||| |||| 00| 0 eng d
020 _a9781107679856
024 _a45,553
037 _cTextual
040 _aFLL
_cFLL
_beng
041 _2eng
_aeng
082 _aZ5,4, Q5
100 _aSTEEL Sandy
_9685088
245 0 _aProof of causation in tort law
260 _aCambridge
_bCambridge University Press UK
_c2015
300 _axxix,429p.
_ccm.
942 _hZ5,4, Q5
_cTEXL
_2CC
999 _c1132753
_d1132753